000 00570nam a22001937a 4500
999 _c7070
_d7070
003 OSt
005 20210901112002.0
008 210901b ||||| |||| 00| 0 eng d
020 _a9780749223762
040 _cDDC
082 _a540ENV2007
100 _aThe Open University
_914564
245 _aEnvironmental control and public health
_bPreparing for T210:biology
_cEdited by The Open University
260 _aUK
_bThe Open University
_c2007
300 _a62p;
_bill
_c31cm
504 _aincludes; References and index
650 _aBiology
_95602
942 _2ddc
_cO_SHELF